[Event "17PCR_ZK12"]
[Site "?"]
[Date "2007.??.??"]
[Round "1"]
[White "Valak, Alois"]
[Black "Necesany, Zdenek"]
[Result "1-0"]
[WhiteElo "2353"]
[BlackElo "2188"]
[PlyCount "81"]
[EventDate "2007.??.??"]
[EventType "corr"]
[EventRounds "2"]
[SourceDate "2007.06.28"]

1. e4 c5 2. Nf3 d6 3. d4 cxd4 4. Nxd4 Nf6 5. Nc3 a6 6. Be3 e5 7. Nb3 Be7 8. Be2
Be6 9. O-O O-O 10. Qd2 Nbd7 11. a4 Qc7 12. a5 Rac8 13. Rfc1 Nc5 14. Nxc5 dxc5
15. Nd5 Bxd5 16. exd5 Bd6 17. c4 e4 18. g3 Nd7 19. Bf4 Bxf4 20. Qxf4 Qxf4 21.
gxf4 f5 22. Re1 Kf7 23. f3 Nf6 24. Ra3 Rce8 25. Bd1 exf3 26. Re5 g5 27. Rxf3
gxf4 28. Rxf5 Re4 29. R3xf4 Rxf4 30. Rxf4 Ke7 31. Kf2 Ng4+ 32. Kg3 Nf6 33. Kh3
Rg8 34. Rf1 Nd7 35. Re1+ Kd8 36. Re6 Rg7 37. Ba4 Kc7 38. Kh4 Rf7 39. Kg5 Kc8
40. d6 Kd8 41. Re7 1-0

[Event "17PCR_ZK12"]
[Site "?"]
[Date "2007.??.??"]
[Round "2"]
[White "Necesany, Zdenek"]
[Black "Valak, Alois"]
[Result "0-1"]
[WhiteElo "2188"]
[BlackElo "2353"]
[PlyCount "66"]
[EventDate "2007.??.??"]
[EventType "corr"]
[EventRounds "2"]
[SourceDate "2007.06.28"]

1. e4 c5 2. Nf3 e6 3. d3 Nc6 4. g3 Nf6 5. Bg2 Be7 6. O-O d6 7. Nbd2 O-O 8. Re1
e5 9. c3 Be6 10. Nf1 Ng4 11. h3 Nf6 12. Ne3 a5 13. Nf5 a4 14. g4 Re8 15. Nxe7+
Nxe7 16. d4 Ng6 17. d5 Bc8 18. Bf1 h5 19. Bb5 hxg4 20. Nh2 gxh3 21. Bxe8 Qxe8
22. Bg5 Nh7 23. Be3 f5 24. exf5 Bxf5 25. Qh5 Qd7 26. c4 Nf6 27. Qe2 Nh4 28. f3
Ng2 29. Rf1 b5 30. Bd2 Nh5 31. Rfc1 bxc4 32. Qxc4 Qf7 33. Rab1 Qg6 0-1

[Event "17PCR_ZK12"]
[Site "?"]
[Date "2007.??.??"]
[Round "1"]
[White "Valak, Alois"]
[Black "Bultman, Milan"]
[Result "1/2-1/2"]
[WhiteElo "2353"]
[BlackElo "2099"]
[PlyCount "74"]
[EventDate "2007.??.??"]
[EventType "corr"]
[EventRounds "2"]
[SourceDate "2007.06.28"]

1. e4 c5 2. Nf3 d6 3. d4 cxd4 4. Nxd4 Nf6 5. Nc3 a6 6. f4 Qc7 7. Be2 e6 8. O-O
Be7 9. Kh1 O-O 10. a4 b6 11. Bf3 Bb7 12. f5 e5 13. Nb3 Nbd7 14. Be3 Rfc8 15.
Rc1 Bc6 16. Qd3 Rd8 17. Bf2 Nc5 18. Nxc5 dxc5 19. Qe3 b5 20. Bg3 bxa4 21. Nd5
Bxd5 22. exd5 Bd6 23. Bh4 Qe7 24. Rfe1 Rab8 25. Ra1 Rxb2 26. Be4 Rdb8 27. Rxa4
R8b6 28. Raa1 Bc7 29. Qc1 R2b4 30. c3 Rb3 31. Bd3 Qd7 32. Bc4 Rb2 33. Bxf6 gxf6
34. Rf1 e4 35. Qh6 Qe8 36. Rae1 a5 37. Qh3 Rc2 1/2-1/2

[Event "17PCR_ZK12"]
[Site "?"]
[Date "2007.??.??"]
[Round "2"]
[White "Bultman, Milan"]
[Black "Valak, Alois"]
[Result "1/2-1/2"]
[WhiteElo "2099"]
[BlackElo "2353"]
[PlyCount "83"]
[EventDate "2007.??.??"]
[EventType "corr"]
[EventRounds "2"]
[SourceDate "2007.06.28"]

1. d4 Nf6 2. c4 e6 3. Nf3 b6 4. g3 Ba6 5. b3 Bb4+ 6. Bd2 Be7 7. Bg2 O-O 8. O-O
d5 9. cxd5 exd5 10. Nc3 Bb7 11. Qc2 Na6 12. a3 c5 13. Bf4 Ne4 14. Rfc1 g5 15.
Be3 Bf6 16. Ne5 Rc8 17. Bxe4 dxe4 18. Rd1 Qe7 19. Nc4 Rfd8 20. dxc5 Nxc5 21.
Rac1 Qe6 22. Rxd8+ Rxd8 23. Nb5 a6 24. Nc7 Qc6 25. Nxb6 Qxb6 26. Qxc5 Qxb3 27.
Kg2 h6 28. h4 gxh4 29. Qh5 Bg5 30. Bxg5 e3+ 31. f3 Qb2 32. Bxh6 Qxe2+ 33. Kh3
Bc8+ 34. g4 Qxf3+ 35. Kxh4 Rd6 36. Ne6 Qf6+ 37. Qg5+ Qxg5+ 38. Bxg5 Bxe6 39.
Bxe3 Rd3 40. Bc5 Kh7 41. Rb1 Rd2 42. Rb6 1/2-1/2

[Event "17PCR_ZK12"]
[Site "?"]
[Date "2007.??.??"]
[Round "1"]
[White "Valak, Alois"]
[Black "Binas, Jindrich"]
[Result "1/2-1/2"]
[WhiteElo "2353"]
[BlackElo "2021"]
[PlyCount "44"]
[EventDate "2007.??.??"]
[EventType "corr"]
[EventRounds "2"]
[SourceDate "2007.06.28"]

1. e4 c5 2. Nf3 Nc6 3. Bb5 d6 4. O-O Bd7 5. Re1 Nf6 6. c3 a6 7. Bxc6 Bxc6 8. d4
Bxe4 9. Bg5 Bd5 10. Nbd2 e6 11. c4 Bxf3 12. Qxf3 cxd4 13. Bxf6 gxf6 14. Qxb7
Be7 15. Qf3 Rc8 16. Rad1 Qb6 17. Qf4 O-O 18. Ne4 Kh8 19. b3 Qd8 20. Ng3 e5 21.
Qf5 d5 22. cxd5 Rg8 1/2-1/2

[Event "17PCR_ZK12"]
[Site "?"]
[Date "2007.??.??"]
[Round "2"]
[White "Binas, Jindrich"]
[Black "Valak, Alois"]
[Result "1/2-1/2"]
[WhiteElo "2021"]
[BlackElo "2353"]
[PlyCount "45"]
[EventDate "2007.??.??"]
[EventType "corr"]
[EventRounds "2"]
[SourceDate "2007.06.28"]

1. e4 c5 2. Nf3 e6 3. d4 cxd4 4. Nxd4 Nc6 5. Nc3 Nf6 6. Ndb5 d6 7. Bf4 e5 8.
Bg5 a6 9. Bxf6 gxf6 10. Na3 b5 11. Nd5 f5 12. c3 Bg7 13. exf5 Bxf5 14. Nc2 O-O
15. Nce3 Be6 16. Bd3 f5 17. O-O Kh8 18. Qh5 e4 19. Bc2 Qe8 20. Qxe8 Raxe8 21.
Nc7 Re7 22. Ned5 Bxd5 23. Nxd5 1/2-1/2

[Event "17PCR_ZK12"]
[Site "?"]
[Date "2007.??.??"]
[Round "1"]
[White "Valak, Alois"]
[Black "Kyhos, Alois"]
[Result "1/2-1/2"]
[WhiteElo "2353"]
[BlackElo "1951"]
[PlyCount "99"]
[EventDate "2007.??.??"]
[EventType "corr"]
[EventRounds "2"]
[SourceDate "2007.06.28"]

1. e4 e5 2. Nf3 Nc6 3. Bc4 Nf6 4. Nc3 Nxe4 5. Nxe4 d5 6. Bd3 dxe4 7. Bxe4 Bd6
8. O-O O-O 9. c3 Bg4 10. Re1 Qd7 11. d3 Rae8 12. h3 Bf5 13. Qa4 a6 14. Be3 Rd8
15. Rad1 Bxe4 16. dxe4 Qe6 17. Rd5 Ne7 18. Rd2 h6 19. c4 b5 20. Qc2 bxc4 21.
Rc1 c3 22. bxc3 Qc4 23. Rdd1 Rb8 24. Nd2 Qc6 25. Rb1 Rxb1 26. Rxb1 f5 27. exf5
Nxf5 28. Qb3+ Kh8 29. Qc4 Qxc4 30. Nxc4 Nxe3 31. fxe3 Bc5 32. Rf1 Rd8 33. Rf7
Rd3 34. Rxc7 Bxe3+ 35. Nxe3 Rxe3 36. Kf2 Re4 37. c4 Kh7 38. Rc6 Kg8 39. Rc7 Kh7
40. Rc6 Kg8 41. Kf3 Rd4 42. a4 Kf7 43. a5 h5 44. Rxa6 Rxc4 45. Rb6 h4 46. a6 g6
47. Ke3 Ra4 48. Kd3 Kg7 49. Re6 Kf7 50. Rc6 1/2-1/2

[Event "17PCR_ZK12"]
[Site "?"]
[Date "2007.??.??"]
[Round "2"]
[White "Kyhos, Alois"]
[Black "Valak, Alois"]
[Result "0-1"]
[WhiteElo "1951"]
[BlackElo "2353"]
[PlyCount "83"]
[EventDate "2007.??.??"]
[EventType "corr"]
[EventRounds "2"]
[SourceDate "2007.06.28"]

1. e4 c5 2. c3 d5 3. exd5 Qxd5 4. d4 cxd4 5. cxd4 e5 6. dxe5 Qxd1+ 7. Kxd1 Nc6
8. Bb5 Nge7 9. Bg5 a6 10. Be2 h6 11. Bxe7 Bxe7 12. Nf3 Bg4 13. Nc3 O-O-O+ 14.
Ke1 Rhe8 15. Rd1 Bb4 16. Rxd8+ Rxd8 17. a3 Bxc3+ 18. bxc3 Bxf3 19. Bxf3 Nxe5
20. Ke2 Nxf3 21. gxf3 Rd5 22. Rg1 g6 23. Rg4 Kd7 24. Rf4 f5 25. Rh4 h5 26. Rc4
Rb5 27. a4 Rb2+ 28. Ke3 a5 29. Rd4+ Kc6 30. Rc4+ Kd7 31. Rd4+ Kc6 32. Rc4+ Kd6
33. h3 Ra2 34. Kf4 b6 35. h4 Rxf2 36. Rc8 Ra2 37. Rc4 Kd5 38. Rd4+ Kc5 39. Kg5
Rg2+ 40. Kf4 Rc2 41. Kg5 Rxc3 42. Rd2 0-1

[Event "17PCR_ZK12"]
[Site "?"]
[Date "2007.??.??"]
[Round "1"]
[White "Valak, Alois"]
[Black "Luksa, Ales"]
[Result "1/2-1/2"]
[WhiteElo "2353"]
[BlackElo "1800"]
[PlyCount "80"]
[EventDate "2007.??.??"]
[EventType "corr"]
[EventRounds "2"]
[SourceDate "2007.06.28"]

1. e4 c5 2. Nf3 Nc6 3. d4 cxd4 4. Nxd4 Nf6 5. Nc3 e5 6. Ndb5 d6 7. Bg5 a6 8.
Na3 b5 9. Bxf6 gxf6 10. Nd5 f5 11. Bd3 Be6 12. O-O Bxd5 13. exd5 Ne7 14. Nxb5
Bg7 15. Nc3 e4 16. Bc4 Ng6 17. Qh5 Bxc3 18. bxc3 Qf6 19. Qh6 Qxc3 20. Bb3 Rg8
21. Rae1 Rg7 22. f3 Kf8 23. fxe4 Re8 24. e5 Rxe5 25. Rxe5 Qxe5 26. Qg5 Qd4+ 27.
Kh1 Ne7 28. Qc1 Qe4 29. Qd2 f4 30. Rf3 Rg4 31. h3 Rh4 32. Qf2 Ng6 33. c4 Rh5
34. c5 Re5 35. Qf1 dxc5 36. Qxa6 Qb1+ 37. Rf1 Re1 38. Kg1 Qc1 39. Qe2 Rxf1+ 40.
Qxf1 Qc3 1/2-1/2

[Event "17PCR_ZK12"]
[Site "?"]
[Date "2007.??.??"]
[Round "2"]
[White "Luksa, Ales"]
[Black "Valak, Alois"]
[Result "1/2-1/2"]
[WhiteElo "1800"]
[BlackElo "2353"]
[PlyCount "47"]
[EventDate "2007.??.??"]
[EventType "corr"]
[EventRounds "2"]
[SourceDate "2007.06.28"]

1. e4 c5 2. c3 d5 3. exd5 Qxd5 4. Nf3 Nf6 5. d4 e6 6. Be2 Nc6 7. O-O cxd4 8.
cxd4 Be7 9. Nc3 Qd6 10. Bg5 O-O 11. Rc1 Nd5 12. Bd3 Bxg5 13. Nxg5 Nf6 14. Nce4
Nxe4 15. Bxe4 h6 16. Nf3 Bd7 17. d5 exd5 18. Bxd5 Qb4 19. Re1 Rad8 20. Qc2 Qa5
21. Qb3 Nb4 22. Bc4 b5 23. Bf1 Be6 24. Qc3 1/2-1/2

[Event "17PCR_ZK12"]
[Site "?"]
[Date "2007.??.??"]
[Round "1"]
[White "Valak, Alois"]
[Black "Klimecky, Tomas"]
[Result "1-0"]
[WhiteElo "2353"]
[BlackElo "1744"]
[PlyCount "31"]
[EventDate "2007.??.??"]
[EventType "corr"]
[EventRounds "2"]
[SourceDate "2007.06.28"]

1. e4 c6 2. d4 d5 3. exd5 cxd5 4. c4 Nf6 5. Nc3 Nc6 6. Bg5 dxc4 7. Bxc4 e6 8.
Nf3 Be7 9. O-O O-O 10. a3 Qb6 11. Qd3 Rd8 12. Rfd1 Ng4 13. b4 Qc7 14. Bxe7 Qxe7
15. Qe4 Nf6 16. Qf4 1-0

[Event "17PCR_ZK12"]
[Site "?"]
[Date "2007.??.??"]
[Round "2"]
[White "Klimecky, Tomas"]
[Black "Valak, Alois"]
[Result "0-1"]
[WhiteElo "1744"]
[BlackElo "2353"]
[PlyCount "32"]
[EventDate "2007.??.??"]
[EventType "corr"]
[EventRounds "2"]
[SourceDate "2007.06.28"]

1. e4 c5 2. Nc3 Nc6 3. g3 g6 4. Bg2 Bg7 5. d3 d6 6. f4 Nf6 7. Nf3 O-O 8. O-O
Rb8 9. h3 b5 10. a3 a5 11. Be3 Nd7 12. Rb1 Nd4 13. Bf2 Nxf3+ 14. Qxf3 b4 15.
Ne2 e6 16. Qe3 a4 0-1

[Event "17PCR_ZK12"]
[Site "?"]
[Date "2007.??.??"]
[Round "1"]
[White "Necesany, Zdenek"]
[Black "Bultman, Milan"]
[Result "0-1"]
[WhiteElo "2188"]
[BlackElo "2099"]
[PlyCount "78"]
[EventDate "2007.??.??"]
[EventType "corr"]
[EventRounds "2"]
[SourceDate "2007.06.28"]

1. e4 c5 2. Nf3 d6 3. d4 cxd4 4. Nxd4 Nf6 5. Nc3 e6 6. Be2 Be7 7. O-O O-O 8. f4
a6 9. a4 e5 10. Nb3 Be6 11. f5 Bxb3 12. cxb3 Nbd7 13. Be3 Nc5 14. Bf3 a5 15.
Re1 Ra6 16. Qe2 Nxb3 17. Rad1 Nd7 18. Qc4 Nbc5 19. Nb5 Nf6 20. Bf2 Qb8 21. b3
Rc8 22. Nc3 Ncxe4 23. Nxe4 Rxc4 24. Nxf6+ Bxf6 25. bxc4 b6 26. Be2 Ra7 27. Rd5
Bd8 28. Red1 Bc7 29. Rf1 Qe8 30. Bd1 Qc6 31. Bb3 Bd8 32. Rfd1 Be7 33. Rb5 Ra6
34. Rbd5 h6 35. Kh1 Qc8 36. Rb5 Qxf5 37. Bxb6 Qf4 38. Bxa5 e4 39. Bc3 d5 0-1

[Event "17PCR_ZK12"]
[Site "?"]
[Date "2007.??.??"]
[Round "2"]
[White "Bultman, Milan"]
[Black "Necesany, Zdenek"]
[Result "1-0"]
[WhiteElo "2099"]
[BlackElo "2188"]
[PlyCount "69"]
[EventDate "2007.??.??"]
[EventType "corr"]
[EventRounds "2"]
[SourceDate "2007.06.28"]

1. d4 Nf6 2. Nf3 e6 3. c4 b6 4. g3 Bb7 5. Nc3 Be7 6. Bg2 Ne4 7. Qc2 f5 8. Ne5
Nd6 9. Bxb7 Nxb7 10. g4 O-O 11. gxf5 Nc6 12. Nxc6 dxc6 13. Qe4 exf5 14. Qxc6
Na5 15. Qd5+ Rf7 16. b3 Qe8 17. Bb2 Rd8 18. Qf3 Rxd4 19. Nd5 Re4 20. Rg1 Bh4
21. Kf1 c6 22. Ne3 Qe6 23. Rd1 Be7 24. Nxf5 Rxf5 25. Rxg7+ Kf8 26. Qg3 Ref4 27.
f3 Nxc4 28. bxc4 Qxc4 29. Rd3 h5 30. Bc3 h4 31. Qg2 b5 32. a3 c5 33. Bb2 a5 34.
h3 b4 35. Kf2 1-0

[Event "17PCR_ZK12"]
[Site "?"]
[Date "2007.??.??"]
[Round "1"]
[White "Necesany, Zdenek"]
[Black "Binas, Jindrich"]
[Result "1/2-1/2"]
[WhiteElo "2188"]
[BlackElo "2021"]
[PlyCount "70"]
[EventDate "2007.??.??"]
[EventType "corr"]
[EventRounds "2"]
[SourceDate "2007.06.28"]

1. e4 c5 2. Nf3 Nc6 3. d3 d5 4. Nbd2 e5 5. exd5 Qxd5 6. g3 Be6 7. Bg2 Qd7 8.
O-O f6 9. Nb3 Bd6 10. Be3 b6 11. c3 Nge7 12. Re1 O-O 13. Rc1 a5 14. a3 Bc7 15.
Qc2 Bf5 16. Rcd1 a4 17. Nc1 Ra7 18. Nd2 Bg6 19. Nc4 Nd5 20. Qe2 Bf7 21. Bd2
Raa8 22. Ne3 Nde7 23. f3 b5 24. Nf1 b4 25. Qf2 Rab8 26. f4 bxa3 27. bxa3 Ba5
28. Ne3 Rb2 29. Re2 c4 30. Nxc4 Rxd2 31. Rexd2 Bxc3 32. Nb6 Qd6 33. Nc4 Qd8 34.
Kh1 Bxd2 35. Qxd2 Bd5 1/2-1/2

[Event "17PCR_ZK12"]
[Site "?"]
[Date "2007.??.??"]
[Round "2"]
[White "Binas, Jindrich"]
[Black "Necesany, Zdenek"]
[Result "1-0"]
[WhiteElo "2021"]
[BlackElo "2188"]
[PlyCount "65"]
[EventDate "2007.??.??"]
[EventType "corr"]
[EventRounds "2"]
[SourceDate "2007.06.28"]

1. e4 e5 2. f4 exf4 3. Bc4 Qh4+ 4. Kf1 g5 5. Nc3 Bg7 6. d4 Ne7 7. g3 Qh6 8. h4
d5 9. Nxd5 Nxd5 10. exd5 Qg6 11. hxg5 fxg3 12. Qe1+ Kd8 13. Qxg3 Na6 14. c3 Re8
15. Bf4 Bf5 16. Nf3 Bd3+ 17. Bxd3 Qxd3+ 18. Kg1 Re2 19. Ne5 Qxg3+ 20. Bxg3 Ke7
21. Rxh7 Kf8 22. Rf1 Kg8 23. Rh2 Rxh2 24. Kxh2 Rd8 25. Nxf7 Rxd5 26. b4 Rd7 27.
g6 c6 28. Ng5 Bh6 29. Ne6 Re7 30. Rf6 Bg7 31. Nxg7 Rxg7 32. Bd6 Rd7 33. Bf4 1-0

[Event "17PCR_ZK12"]
[Site "?"]
[Date "2007.??.??"]
[Round "1"]
[White "Necesany, Zdenek"]
[Black "Kyhos, Alois"]
[Result "1/2-1/2"]
[WhiteElo "2188"]
[BlackElo "1951"]
[PlyCount "90"]
[EventDate "2007.??.??"]
[EventType "corr"]
[EventRounds "2"]
[SourceDate "2007.06.28"]

1. e4 e5 2. Nf3 Nc6 3. Bb5 a6 4. Ba4 Nf6 5. O-O Nxe4 6. d4 b5 7. Bb3 d5 8. dxe5
Be6 9. c3 Be7 10. Nbd2 O-O 11. Bc2 f5 12. exf6 Nxf6 13. Nd4 Nxd4 14. cxd4 c5
15. Re1 Bg4 16. f3 Bd7 17. Nb3 c4 18. Nc5 Bd6 19. Qd2 Bc8 20. Qg5 Bxc5 21. dxc5
d4 22. Be4 Nxe4 23. Rxe4 Bf5 24. Re5 Qxg5 25. Bxg5 b4 26. Rd1 c3 27. bxc3 dxc3
28. Kf2 a5 29. c6 a4 30. c7 Bg6 31. Rb5 Rac8 32. Bd8 b3 33. axb3 axb3 34. Rxb3
Bc2 35. Rbb1 Bxb1 36. Rxb1 Rfxd8 37. cxd8=Q+ Rxd8 38. Ke3 Rd2 39. g4 Rxh2 40.
Rc1 c2 41. Kd3 Rf2 42. Ke3 Rg2 43. Kd3 Rf2 44. Ke3 Rg2 45. Kd3 Rf2 1/2-1/2

[Event "17PCR_ZK12"]
[Site "?"]
[Date "2007.??.??"]
[Round "2"]
[White "Kyhos, Alois"]
[Black "Necesany, Zdenek"]
[Result "1-0"]
[WhiteElo "1951"]
[BlackElo "2188"]
[PlyCount "61"]
[EventDate "2007.??.??"]
[EventType "corr"]
[EventRounds "2"]
[SourceDate "2007.06.28"]

1. e4 e6 2. d4 d5 3. Nc3 Bb4 4. e5 c5 5. a3 Bxc3+ 6. bxc3 Ne7 7. Nf3 Bd7 8.
dxc5 Nbc6 9. Rb1 Qc7 10. Bf4 b6 11. c4 bxc5 12. Bd3 Rb8 13. Rxb8+ Qxb8 14. O-O
Qb6 15. cxd5 exd5 16. c4 d4 17. Ng5 Nd8 18. Qh5 h6 19. e6 Bxe6 20. Ne4 Nf5 21.
g4 Ne7 22. Rb1 Qa5 23. Be5 Rg8 24. h3 Qxa3 25. Bf1 Nec6 26. Bc7 a5 27. Rb6 d3
28. Bxd8 Nxd8 29. Qe5 d2 30. Qc7 d1=R 31. Nd6+ 1-0

[Event "17PCR_ZK12"]
[Site "?"]
[Date "2007.??.??"]
[Round "1"]
[White "Necesany, Zdenek"]
[Black "Luksa, Ales"]
[Result "1-0"]
[WhiteElo "2188"]
[BlackElo "1800"]
[PlyCount "51"]
[EventDate "2007.??.??"]
[EventType "corr"]
[EventRounds "2"]
[SourceDate "2007.06.28"]

1. e4 c5 2. Nf3 Nc6 3. d3 Nf6 4. g3 d5 5. Nbd2 g6 6. Bg2 Bg7 7. O-O O-O 8. Re1
Qc7 9. c3 Rd8 10. exd5 Nxd5 11. Qa4 a6 12. Qh4 h5 13. Qa4 b5 14. Qc2 b4 15. Ng5
Rb8 16. Nde4 bxc3 17. bxc3 f6 18. Nf3 f5 19. Neg5 Bxc3 20. Bf4 e5 21. Nxe5 Bxe5
22. Qc4 Bxf4 23. Bxd5+ Kg7 24. gxf4 Nd4 25. Rac1 Qxf4 26. Re7+ 1-0

[Event "17PCR_ZK12"]
[Site "?"]
[Date "2007.??.??"]
[Round "2"]
[White "Luksa, Ales"]
[Black "Necesany, Zdenek"]
[Result "0-1"]
[WhiteElo "1800"]
[BlackElo "2188"]
[PlyCount "52"]
[EventDate "2007.??.??"]
[EventType "corr"]
[EventRounds "2"]
[SourceDate "2007.06.28"]

1. e4 c5 2. c3 Nf6 3. e5 Nd5 4. d4 cxd4 5. Nf3 Nc6 6. Bc4 Nb6 7. Bb3 d5 8. exd6
Qxd6 9. O-O d3 10. Na3 Bf5 11. Nb5 Qd7 12. Bf4 O-O-O 13. a4 Bg4 14. Bc7 e5 15.
a5 Nd5 16. Bxd8 Nf4 17. Bg5 Ne2+ 18. Kh1 f6 19. Be3 e4 20. Nd2 Ng3+ 21. fxg3
Bxd1 22. Raxd1 Nxa5 23. Nxa7+ Kb8 24. Ba4 Qxa4 25. Ra1 Qd7 26. Rxa5 g5 0-1

[Event "17PCR_ZK12"]
[Site "?"]
[Date "2007.??.??"]
[Round "1"]
[White "Necesany, Zdenek"]
[Black "Klimecky, Tomas"]
[Result "1-0"]
[WhiteElo "2188"]
[BlackElo "1744"]
[PlyCount "47"]
[EventDate "2007.??.??"]
[EventType "corr"]
[EventRounds "2"]
[SourceDate "2007.06.28"]

1. e4 c6 2. d4 d5 3. e5 Bf5 4. Nc3 e6 5. g4 Bg6 6. Nge2 c5 7. h4 h5 8. Nf4 Nc6
9. Nxg6 fxg6 10. Ne2 Nge7 11. Nf4 cxd4 12. Nxe6 Qd7 13. Nf4 Nxe5 14. Qe2 Nxg4
15. f3 Ne3 16. Bh3 Qa4 17. Bxe3 dxe3 18. Qxe3 Qb4+ 19. Kf2 Qxb2 20. Rad1 Rd8
21. Nxd5 Qxc2+ 22. Rd2 Qxd2+ 23. Qxd2 Rxd5 24. Qf4 1-0

[Event "17PCR_ZK12"]
[Site "?"]
[Date "2007.??.??"]
[Round "2"]
[White "Klimecky, Tomas"]
[Black "Necesany, Zdenek"]
[Result "1/2-1/2"]
[WhiteElo "1744"]
[BlackElo "2188"]
[PlyCount "98"]
[EventDate "2007.??.??"]
[EventType "corr"]
[EventRounds "2"]
[SourceDate "2007.06.28"]

1. e4 e5 2. Nf3 Nc6 3. d4 exd4 4. Nxd4 Nf6 5. Nxc6 bxc6 6. e5 Qe7 7. Qe2 Nd5 8.
c4 Nb6 9. Nc3 a5 10. Qe4 Qe6 11. Bd3 Bb4 12. Bd2 Ba6 13. b3 O-O-O 14. O-O d5
15. cxd5 Bxd3 16. Qxd3 Nxd5 17. a3 Bxc3 18. Bxc3 Nxc3 19. Qxc3 Rd5 20. b4 axb4
21. axb4 Rhd8 22. Ra6 Kb7 23. Qa3 Rxe5 24. Ra7+ Kc8 25. Qc3 Rdd5 26. Ra8+ Kd7
27. Rb8 Qg6 28. Kh1 f6 29. Ra1 Qg4 30. h3 Rd1+ 31. Rxd1+ Qxd1+ 32. Kh2 Re7 33.
Ra8 Re8 34. Ra1 Qd6+ 35. Kg1 Re4 36. Rb1 Ke7 37. Qc2 f5 38. g4 Qf4 39. Qxc6
fxg4 40. Rd1 gxh3 41. Rd7+ Kf8 42. Rd8+ Kf7 43. Rd7+ Re7 44. Qd5+ Kf6 45. Qc6+
Kf5 46. Qd5+ Re5 47. Qf7+ Kg5 48. Qxf4+ Kxf4 49. Kh2 g5 1/2-1/2

[Event "17PCR_ZK12"]
[Site "?"]
[Date "2007.??.??"]
[Round "1"]
[White "Bultman, Milan"]
[Black "Binas, Jindrich"]
[Result "1/2-1/2"]
[WhiteElo "2099"]
[BlackElo "2021"]
[PlyCount "50"]
[EventDate "2007.??.??"]
[EventType "corr"]
[EventRounds "2"]
[SourceDate "2007.06.28"]

1. d4 Nf6 2. Nf3 d5 3. c4 dxc4 4. e3 e6 5. Bxc4 a6 6. O-O c5 7. Qe2 b5 8. Bd3
cxd4 9. exd4 Be7 10. Bg5 Bb7 11. a4 bxa4 12. Rxa4 O-O 13. Nc3 Nc6 14. Bxf6 Bxf6
15. Ne4 Ne7 16. Ne5 Ng6 17. f4 Bxe5 18. dxe5 Bc6 19. Rc4 Bb5 20. Rc3 Qd4+ 21.
Qf2 Rfd8 22. Nd6 Qxf2+ 23. Rxf2 Bxd3 24. Rxd3 Rd7 25. g3 f6 1/2-1/2

[Event "17PCR_ZK12"]
[Site "?"]
[Date "2007.??.??"]
[Round "2"]
[White "Binas, Jindrich"]
[Black "Bultman, Milan"]
[Result "1-0"]
[WhiteElo "2021"]
[BlackElo "2099"]
[PlyCount "93"]
[EventDate "2007.??.??"]
[EventType "corr"]
[EventRounds "2"]
[SourceDate "2007.06.28"]

1. e4 c5 2. Nf3 d6 3. c3 Nf6 4. Be2 Nbd7 5. d3 e6 6. O-O Be7 7. Nbd2 O-O 8. Re1
Qc7 9. d4 a6 10. Bd3 b5 11. Nf1 Bb7 12. Ng3 Rfd8 13. Qe2 Nb6 14. Bf4 Rac8 15.
Rac1 Qd7 16. dxc5 dxc5 17. Rcd1 Qe8 18. e5 Nfd7 19. Ne4 Bd5 20. Bb1 Nf8 21. h4
f6 22. exf6 gxf6 23. Ng3 Bc4 24. Qc2 Rxd1 25. Qxd1 Qf7 26. Nh2 Ng6 27. Ng4 Kh8
28. Nh6 Qe8 29. Qc2 f5 30. Bg5 Bxg5 31. hxg5 Qd7 32. b3 Bd5 33. c4 bxc4 34.
Ngxf5 e5 35. Qc3 Re8 36. Ng4 Qc7 37. Nfh6 Nd7 38. Bf5 Be6 39. Bxe6 Rxe6 40.
Qxc4 Re8 41. Nf6 Nxf6 42. gxf6 Rf8 43. Rd1 Nf4 44. Kf1 a5 45. g3 Ng6 46. Qe6 a4
47. Rd7 1-0

[Event "17PCR_ZK12"]
[Site "?"]
[Date "2007.??.??"]
[Round "1"]
[White "Bultman, Milan"]
[Black "Kyhos, Alois"]
[Result "1-0"]
[WhiteElo "2099"]
[BlackElo "1951"]
[PlyCount "104"]
[EventDate "2007.??.??"]
[EventType "corr"]
[EventRounds "2"]
[SourceDate "2007.06.28"]

1. d4 Nf6 2. c4 e6 3. Nf3 b6 4. g3 Bb7 5. Bg2 Be7 6. Nc3 O-O 7. O-O Ne4 8. Bd2
f5 9. Qc2 Bf6 10. Rad1 Nxc3 11. Bxc3 Be4 12. Qd2 d6 13. Qe3 Qe8 14. Nh4 Bxg2
15. Nxg2 Nc6 16. d5 Nd8 17. f3 a5 18. Bxf6 Rxf6 19. Qc3 Qg6 20. e4 fxe4 21. Nh4
Qh6 22. fxe4 Rxf1+ 23. Rxf1 Nf7 24. Ng2 Re8 25. Nf4 Ng5 26. Qd3 e5 27. Ne2 Qh3
28. Nc3 h5 29. Qe2 Qg4 30. Qxg4 hxg4 31. Kf2 Rf8+ 32. Ke2 Nf3 33. Rf2 Rf6 34.
Nb5 Rf7 35. a3 Kf8 36. b4 Ke8 37. bxa5 bxa5 38. Ke3 g6 39. a4 g5 40. c5 dxc5
41. Na3 Rh7 42. Nc4 Rh6 43. Rb2 Rh3 44. Rb8+ Kd7 45. Nxa5 c4 46. Nxc4 Rxh2 47.
Kd3 Rg2 48. a5 Ne1+ 49. Kc3 Rxg3+ 50. Kb2 Nd3+ 51. Kc2 Nc5 52. Nxe5+ Ke7 1-0

[Event "17PCR_ZK12"]
[Site "?"]
[Date "2007.??.??"]
[Round "2"]
[White "Kyhos, Alois"]
[Black "Bultman, Milan"]
[Result "1/2-1/2"]
[WhiteElo "1951"]
[BlackElo "2099"]
[PlyCount "116"]
[EventDate "2007.??.??"]
[EventType "corr"]
[EventRounds "2"]
[SourceDate "2007.06.28"]

1. e4 c5 2. c3 Nf6 3. e5 Nd5 4. d4 cxd4 5. Nf3 Nc6 6. Bc4 Nb6 7. Bb3 g6 8. Ng5
d5 9. exd6 e6 10. Qf3 Ne5 11. Qg3 Bxd6 12. Ne4 O-O 13. O-O Bb8 14. Rd1 Nc6 15.
Qh3 Be5 16. Bg5 f6 17. Be3 f5 18. cxd4 Bh8 19. Ng5 Qe7 20. Qg3 a5 21. Nc3 a4
22. d5 axb3 23. Bxb6 Bxc3 24. d6 Qg7 25. Qxc3 Qxc3 26. bxc3 h6 27. Nf3 Ra6 28.
Bc7 b2 29. Rab1 Rxa2 30. h4 e5 31. d7 Bxd7 32. Rxd7 Rf7 33. Rxf7 Kxf7 34. Kf1
Ra1 35. Nd2 Ke8 36. Ke2 Rxb1 37. Nxb1 Kd7 38. Bb6 e4 39. Be3 h5 40. Kd2 Ne5 41.
g3 b5 42. Kc2 Nd3 43. Na3 Kc6 44. c4 bxc4 45. Nxc4 b1=Q+ 46. Kxb1 Kd5 47. Nb6+
Kd6 48. Kc2 Ne1+ 49. Kb3 Nd3 50. Na4 Kc6 51. Nc3 Ne5 52. Ne2 Kd7 53. Kb4 Ke7
54. Nf4 Ke8 55. Kc5 Kf7 56. Kd6 Nc4+ 57. Kd5 Na3 58. Nh3 Nc2 1/2-1/2

[Event "17PCR_ZK12"]
[Site "?"]
[Date "2007.??.??"]
[Round "1"]
[White "Bultman, Milan"]
[Black "Luksa, Ales"]
[Result "1-0"]
[WhiteElo "2099"]
[BlackElo "1800"]
[PlyCount "55"]
[EventDate "2007.??.??"]
[EventType "corr"]
[EventRounds "2"]
[SourceDate "2007.06.28"]

1. d4 Nf6 2. Nf3 e6 3. c4 c5 4. d5 b5 5. Bg5 h6 6. Bxf6 Qxf6 7. Nc3 b4 8. Nb5
Na6 9. e4 e5 10. Be2 Bd6 11. O-O O-O 12. Ne1 Nc7 13. Nxd6 Qxd6 14. a3 a5 15.
Nd3 Qe7 16. Qd2 d6 17. f4 f6 18. b3 Bb7 19. Bg4 g5 20. fxe5 fxe5 21. Bf5 Bc8
22. Nf2 Bxf5 23. exf5 Rxf5 24. Ng4 Rxf1+ 25. Rxf1 Kg7 26. Rf6 bxa3 27. Rxh6 Rf8
28. h3 1-0

[Event "17PCR_ZK12"]
[Site "?"]
[Date "2007.??.??"]
[Round "2"]
[White "Luksa, Ales"]
[Black "Bultman, Milan"]
[Result "0-1"]
[WhiteElo "1800"]
[BlackElo "2099"]
[PlyCount "58"]
[EventDate "2007.??.??"]
[EventType "corr"]
[EventRounds "2"]
[SourceDate "2007.06.28"]

1. e4 c5 2. c3 Nf6 3. e5 Nd5 4. d4 cxd4 5. cxd4 e6 6. Nc3 Nxc3 7. bxc3 d6 8. f4
dxe5 9. fxe5 Qh4+ 10. g3 Qe4+ 11. Kf2 Be7 12. Nf3 Qc6 13. Qc2 b6 14. Rb1 Ba6
15. Bg5 Bxf1 16. Rhxf1 Bf8 17. Kg1 h6 18. Be3 Be7 19. c4 Na6 20. Qe2 Nc7 21.
Rbc1 Qd7 22. Nd2 O-O 23. Qg4 f5 24. exf6 Bxf6 25. Nf3 Rad8 26. Rfd1 Kh8 27. Bf4
Ne8 28. Qg6 Nd6 29. Ne5 Qb7 0-1